Paroles Sofiane - dingue de toi - Statistiques

Statistiques générales
  • Ce quiz a été pris 58 fois
    42 depuis la dernière actualisation
  • Le résultat moyen est 208 sur 444
Statistiques - réponses
Paroles % Correct
Je
97%
je
97%
de
94%
toi
91%
Dingue
88%
dingue
88%
Na
88%
fou
84%
Nabilla
81%
suis
81%
Nabi-Nabiilla
66%
Nabi-Nabilla
66%
à
63%
a
63%
A
63%
la
56%
le
53%
pas
53%
j'ai
50%
tu
50%
Tu
50%
ça
47%
et
47%
Et
47%
te
47%
ce
44%
les
44%
bo-
41%
Des
41%
des
41%
pour
41%
que
41%
qui
41%
tes
41%
ton
41%
Besoin
38%
boule
38%
comme
38%
délire
38%
façons
38%
fais
38%
On
38%
premier
38%
un
38%
vraiment
38%
en
34%
j'aimais
34%
J'm'attendais
34%
J'suis
34%
Lady
34%
moi
34%
se
34%
Tout
34%
vois
34%
arrivé
31%
choix
31%
commencé
31%
déjà
31%
direction
31%
l'or
31%
Monté
31%
n'auras
31%
nos
31%
peine
31%
piston
31%
position
31%
qu'on
31%
s'enjaille
31%
sous
31%
valait
31%
avait
28%
c'est
28%
destination
28%
draps
28%
fasse
28%
girl
28%
Hawaï
28%
maté
28%
mes
28%
pression
28%
taille
28%
bail
25%
billets
25%
compris
25%
corps
25%
dans
25%
Mais
25%
met
25%
pôle
25%
prévu
25%
seul
25%
trop
25%
Trop
25%
bras
22%
crois-moi
22%
-jaille
22%
J'navais
22%
j'n'avais
22%
J'n'avais
22%
Pourvu
22%
prends
22%
quoi
22%
Swag
22%
swag
22%
avec
19%
dis
19%
Easy
19%
fort
19%
j'me
19%
plus
19%
Quand
19%
rejoins-moi
19%
rêve
19%
fait
16%
frissons
16%
longueur
16%
serais
16%
bien
13%
changer
13%
d'un
13%
J'avoue
13%
journée
13%
tard
13%
t'as
13%
T'as
13%
attention
9%
bord
9%
courbes
9%
décor
9%
faire
9%
feu
9%
gay
9%
jeté
9%
joues
9%
l'même
9%
m'as
9%
ont
9%
prisonnier
9%
sort
9%
toujours
9%
body
6%
l'aréoport
6%
passé
6%
pourraient
6%
semaine
6%
Trois
6%
Aucun quiz correspondant
Distribution des résultats
% des personnes avec chaque résultat
Percentile par nombre de réponses
Votre historique - résultats
Vous n’avez pas pris ce quiz depuis la dernière actualisation